NEW TRENDS IN BANKING (Record no. 6636)
[ view plain ]
| 000 -LEADER | |
|---|---|
| fixed length control field | 00332nam a2200133Ia 4500 |
| 008 - FIXED-LENGTH DATA ELEMENTS--GENERAL INFORMATION | |
| fixed length control field | 240624s9999 xx 000 0 und d |
| 041 ## - LANGUAGE CODE | |
| Language code of text/sound track or separate title | eng |
| 082 ## - DEWEY DECIMAL CLASSIFICATION NUMBER | |
| Classification number | 332.1 KUM |
| 100 ## - MAIN ENTRY--PERSONAL NAME | |
| Personal name | KUMAR V V RAVI |
| 245 ## - TITLE STATEMENT | |
| Title | NEW TRENDS IN BANKING |
| 260 ## - PUBLICATION, DISTRIBUTION, ETC. | |
| Date of publication, distribution, etc. | 2006 |
| Place of publication, distribution, etc. | Hyderabad |
| Name of publisher, distributor, etc. | ICFAI press |
| 300 ## - PHYSICAL DESCRIPTION | |
| Extent | xii, : 209 : p. : cm. ; 23 |
| 365 ## - TRADE PRICE | |
| Currency code | RS |
| Price amount | 50 |
| Withdrawn status | Lost status | Damaged status | Not for loan | Home library | Current library | Shelving location | Date acquired | Source of acquisition | Cost, normal purchase price | Total Holds | Full call number | Barcode | Date last seen | Copy number | Price effective from | Koha item type |
|---|---|---|---|---|---|---|---|---|---|---|---|---|---|---|---|---|
| IMTN | IMTN | Rack 9-B | 10/03/2007 | ICFAI | 425.00 | 2 | 332.1 KUM | 6636 | 06/24/2024 | 1 | 06/24/2024 | Books |